LEADER 01115nam0 22002891i 450 001 UON00130545 005 20231205102754.578 100 $a20020107d1972 |0itac50 ba 101 $anep 102 $aNP 105 $a|||| 1|||| 200 1 $aDailako Batti$fSatyamohana Joshi 210 $aLalitapura$cAnuraja Joshi V. S.$d1972 215 $a157 p.$d23 cm 606 $aLETTERATURA NEPALESE$3UONC009386$2FI 620 $dLalitpur$3UONL002803 686 $aSI VI IN$cSUBCONT. INDIANO - LETTERATURE INDOARIE MINORI - NEPALI$2A 700 1$aJOSHI$bSatyamohana$3UONV080322$0668679 712 $aAnuraja Joshi V. S.$3UONV262770$4650 790 1$aJOSI, Satya Mohan$zJOSHI, Satyamohana$3UONV080324 790 1$aJOSHI, Satya Mohan$zJOSHI, Satyamohana$3UONV080325 801 $aIT$bSOL$c20240220$gRICA 899 $aSIBA - SISTEMA BIBLIOTECARIO DI ATENEO$2UONSI 912 $aUON00130545 950 $aSIBA - SISTEMA BIBLIOTECARIO DI ATENEO$dSI SI VI IN 005 $eSI SA 41173 5 005 996 $aDailako Batti$91313148 997 $aUNIOR